[Event "Tambov Korensky Memorial 23rd"]
[Site "Tambov"]
[Date "2014.08.29"]
[Round "7"]
[White "Chernyshev, Alexander"]
[Black "Uryupin, Igor Nikolaevich"]
[Result "1/2-1/2"]
[WhiteElo "2048"]
[BlackElo "2274"]
[PlyCount "128"]
[EventDate "2014.08.23"]
[EventType "swiss"]
[EventRounds "9"]
[EventCountry "RUS"]
[SourceTitle "EXT 2015"]
[Source "ChessBase"]
[SourceDate "2014.11.20"]
[SourceVersion "1"]
[SourceVersionDate "2014.11.20"]
[SourceQuality "1"]

1. e4 c5 2. Nf3 e6 3. Qe2 Nc6 4. g3 d5 5. exd5 Qxd5 6. Nc3 Qd8 7. Bg2 Nge7 8. b3 Nf5 9. Bb2 Be7 10. Ne4 0-0 11. 0-0 Ncd4 12. Qd1 Nxf3+ 13. Bxf3 Bd7 14. d3 Bc6 15. Qd2 Qd7 16. Rfe1 Rad8 17. Bg2 b6 18. Rad1 Qb7 19. c3 Rd7 20. Qe2 Rfd8 21. Rd2 Bf8 22. Red1 h6 23. f3 Kh8 24. Nf2 Ne7 25. Ng4 Ng6 26. f4 Bxg2 27. Qxg2 f5 28. Qxb7 Rxb7 29. Ne5 Nxe5 30. fxe5 g5 31. Kf2 g4 32. d4 cxd4 33. cxd4 Rc7 34. Rc1 Rxc1 35. Bxc1 Kg7 36. Bb2 Rc8 37. Ke3 Kf7 38. Kd3 h5 39. Rf2 Kg6 40. Bc3 Be7 41. Bd2 h4 42. Bf4 h3 43. Rf1 b5 44. Bd2 a6 45. Rf2 Ba3 46. Rf1 Be7 47. Rf2 b4 48. Rf4 a5 49. Rf2 Bg5 50. Bxg5 Kxg5 51. d5 Rc5 52. dxe6 Rd5+ 53. Kc4 Rxe5 54. Kd4 Rxe6 55. Kd5 Kf6 56. Rc2 Re1 57. Rc6+ Kg5 58. Rc7 Rg1 59. Ke6 Rg2 60. Rc8 Re2+ 61. Kf7 f4 62. Rc5+ Kh6 63. Rc6+ Kh7 64. Rc5 Kh6 1/2-1/2

[Event "Tambov Korensky Memorial 23rd"]
[Site "Tambov"]
[Date "2014.08.27"]
[Round "5"]
[White "Chernyshev, Alexander"]
[Black "Korensky, Sergey"]
[Result "1/2-1/2"]
[WhiteElo "2048"]
[BlackElo "2245"]
[PlyCount "97"]
[EventDate "2014.08.23"]
[EventType "swiss"]
[EventRounds "9"]
[EventCountry "RUS"]
[SourceTitle "EXT 2015"]
[Source "ChessBase"]
[SourceDate "2014.11.20"]
[SourceVersion "1"]
[SourceVersionDate "2014.11.20"]
[SourceQuality "1"]

1. e4 e5 2. d4 exd4 3. c3 d5 4. exd5 Qxd5 5. cxd4 Nc6 6. Nf3 Bg4 7. Be2 Bb4+ 8. Nc3 Bxf3 9. Bxf3 Qc4 10. Be3 0-0-0 11. Be2 Bxc3+ 12. Kf1 Qb4 13. bxc3 Qxc3 14. Rc1 Qa3 15. Bc4 Nf6 16. Bxf7 Nxd4 17. g3 Rhf8 18. Bc4 Nf5 19. Be6+ Kb8 20. Qxd8+ Rxd8 21. Bxf5 Nd5 22. Re1 g6 23. Be4 Nxe3+ 24. Rxe3 Qxa2 25. Kg2 Rf8 26. Bf3 c6 27. Rd1 Rf7 28. Rdd3 a6 29. Ra3 Qd2 30. Rad3 Qb2 31. Rb3 Qf6 32. Rec3 Ka7 33. Rc4 Rc7 34. Rf4 Qd6 35. Rc4 c5 36. Ra4 c4 37. Rxc4 b5 38. Re4 Re7 39. Reb4 Kb6 40. Rb1 Re5 41. R4b3 a5 42. Rd1 Qf6 43. Rbd3 Re6 44. Rd5 a4 45. Rb1 a3 46. Rbxb5+ Kc7 47. Rbc5+ Kb6 48. Rb5+ Kc7 49. Rbc5+ 1/2-1/2

[Event "Tambov Korensky Memorial 23rd"]
[Site "Tambov"]
[Date "2014.08.25"]
[Round "3"]
[White "Chernyshev, Alexander"]
[Black "Lomakina, Galja"]
[Result "1/2-1/2"]
[WhiteElo "2048"]
[BlackElo "2104"]
[PlyCount "85"]
[EventDate "2014.08.23"]
[EventType "swiss"]
[EventRounds "9"]
[EventCountry "RUS"]
[SourceTitle "EXT 2015"]
[Source "ChessBase"]
[SourceDate "2014.11.20"]
[SourceVersion "1"]
[SourceVersionDate "2014.11.20"]
[SourceQuality "1"]

1. c4 g6 2. g3 Bg7 3. Bg2 d6 4. e3 Nf6 5. Ne2 0-0 6. Nbc3 e5 7. d3 Nc6 8. Rb1 a5 9. Nd5 Be6 10. Nec3 Qd7 11. 0-0 Ne8 12. Re1 f5 13. f4 Kh8 14. a3 Qf7 15. Qc2 h6 16. b4 axb4 17. axb4 g5 18. b5 Nd8 19. Bd2 Rg8 20. Ra1 Rxa1 21. Rxa1 c6 22. bxc6 bxc6 23. Nb4 gxf4 24. exf4 exf4 25. Bxf4 Bd4+ 26. Kh1 Nf6 27. Ra6 Ng4 28. Nd1 Bc8 29. Ra2 Qe8 30. Qe2 Qh5 31. Bf3 Re8 32. Qf1 Re6 33. Re2 Bc5 34. Nc2 Rxe2 35. Qxe2 Ne6 36. Nde3 Nxf4 37. gxf4 Bd7 38. d4 Bb6 39. Nf1 Qh4 40. Ng3 Bd8 41. Ne3 Nxe3 42. Qxe3 Qe7 43. Qd3 1/2-1/2

[Event "Zagorovsky Memorial op"]
[Site "Voronezh"]
[Date "2013.06.29"]
[Round "5"]
[White "Kuzmin, Vitaly"]
[Black "Chernyshev, Alexander"]
[Result "0-1"]
[WhiteElo "1778"]
[BlackElo "2061"]
[PlyCount "68"]
[EventDate "2013.06.25"]
[EventType "swiss"]
[EventRounds "9"]
[EventCountry "RUS"]
[SourceTitle "EXT 2014"]
[Source "ChessBase"]
[SourceDate "2013.11.20"]
[SourceVersion "1"]
[SourceVersionDate "2013.11.20"]
[SourceQuality "1"]

1. d4 Nf6 2. Nf3 c5 3. c3 g6 4. Bf4 Bg7 5. e3 0-0 6. h3 b6 7. Be2 Bb7 8. 0-0 d6 9. Nfd2 Nbd7 10. Bf3 Qc7 11. Bxb7 Qxb7 12. Qf3 Qa6 13. Ne4 Qb5 14. Nxf6+ Nxf6 15. b3 Rac8 16. c4 Qa5 17. Qd1 b5 18. Qd2 Qa6 19. cxb5 Qxb5 20. Nc3 Qa5 21. Rac1 cxd4 22. exd4 Nd5 23. Nxd5 Qxd5 24. Be3 f5 25. Rfd1 e6 26. Rc3 Rxc3 27. Qxc3 f4 28. Bc1 g5 29. Ba3 e5 30. Qc4 Qxc4 31. bxc4 exd4 32. Bb2 d5 33. Bxd4 dxc4 34. Bxa7 Ra8 0-1

[Event "Zagorovsky Memorial op"]
[Site "Voronezh"]
[Date "2013.06.26"]
[Round "2"]
[White "Chernyshev, Alexander"]
[Black "Rodin, Dmitrij"]
[Result "0-1"]
[WhiteElo "2061"]
[BlackElo "2348"]
[PlyCount "62"]
[EventDate "2013.06.25"]
[EventType "swiss"]
[EventRounds "9"]
[EventCountry "RUS"]
[SourceTitle "EXT 2014"]
[Source "ChessBase"]
[SourceDate "2013.11.20"]
[SourceVersion "1"]
[SourceVersionDate "2013.11.20"]
[SourceQuality "1"]

1. e4 d5 2. exd5 Nf6 3. Nf3 Qxd5 4. Nc3 Qa5 5. d4 Nc6 6. Bb5 Bd7 7. d5 Nb4 8. Bxd7+ Nxd7 9. 0-0 Nf6 10. Qe2 Nbxd5 11. Nxd5 Qxd5 12. Rd1 Qe4 13. Be3 e6 14. Qb5+ Qc6 15. Qxc6+ bxc6 16. Ne5 c5 17. c4 Bd6 18. Nd3 Nd7 19. Rac1 a5 20. a4 Ke7 21. Bd2 Rhb8 22. Bc3 f6 23. f4 Ra6 24. Re1 Kf7 25. Re2 Nb6 26. b3 Nc8 27. Rb1 Ne7 28. g3 h5 29. Nf2 Nc6 30. Rd2 e5 31. fxe5 Nxe5 0-1

[Event "Tambov Korensky Memorial 21st"]
[Site "Tambov"]
[Date "2012.08.24"]
[Round "7"]
[White "Chernyshev, Alexander"]
[Black "Larin, Vladimir P"]
[Result "0-1"]
[WhiteElo "2090"]
[BlackElo "2142"]
[PlyCount "72"]
[EventDate "2012.08.18"]
[EventType "swiss"]
[EventRounds "9"]
[EventCountry "RUS"]
[SourceTitle "CBM 150 Extra"]
[Source "ChessBase"]
[SourceDate "2012.10.19"]
[SourceVersion "1"]
[SourceVersionDate "2012.10.19"]
[SourceQuality "1"]

1. Nf3 d6 2. c4 g6 3. g3 Bg7 4. Bg2 f5 5. Nc3 Nf6 6. 0-0 e5 7. d3 0-0 8. Rb1 Nc6 9. b4 h6 10. b5 Ne7 11. e3 Qe8 12. Ne1 g5 13. f4 Ng4 14. Nd5 Nxd5 15. Bxd5+ Kh7 16. h3 Nf6 17. Bg2 Nh5 18. Kh2 gxf4 19. exf4 Qg6 20. Qf3 Rg8 21. Be3 Bf6 22. Bf2 Rg7 23. Rg1 Be6 24. Qxb7 Rag8 25. Bf3 e4 26. dxe4 c5 27. Qc6 fxe4 28. Bxe4 Bf5 29. Bxf5 Qxf5 30. Rb3 Nxf4 31. gxf4 Rxg1 32. Bxg1 Qxf4+ 33. Kh1 Rxg1+ 34. Kxg1 Bd4+ 35. Kh1 Qf1+ 36. Kh2 Qg1# 0-1

[Event "Tambov Korensky Memorial 21st"]
[Site "Tambov"]
[Date "2012.08.22"]
[Round "5"]
[White "Chernyshev, Alexander"]
[Black "Sviridova, Olga Borisovna"]
[Result "0-1"]
[WhiteElo "2090"]
[BlackElo "1993"]
[PlyCount "144"]
[EventDate "2012.08.18"]
[EventType "swiss"]
[EventRounds "9"]
[EventCountry "RUS"]
[SourceTitle "CBM 150 Extra"]
[Source "ChessBase"]
[SourceDate "2012.10.19"]
[SourceVersion "1"]
[SourceVersionDate "2012.10.19"]
[SourceQuality "1"]

1. a3 e5 2. e3 d5 3. c4 Nf6 4. cxd5 Nxd5 5. Nf3 Bd6 6. d4 exd4 7. Qxd4 0-0 8. e4 Nb6 9. Bd3 Bg4 10. Qe3 Nc6 11. Nbd2 Bc5 12. Qxc5 Qxd3 13. Qe3 Qxe3+ 14. fxe3 Rfe8 15. Kf2 Rad8 16. b4 a6 17. h4 Na4 18. h5 Nc3 19. Rh4 Bxf3 20. gxf3 Ne5 21. f4 Nd3+ 22. Kf1 c6 23. f5 f6 24. Nf3 Nxe4 25. Nd4 Re5 26. Kg2 Nd6 27. Nf3 Nxf5 28. Rg4 Nxe3+ 29. Bxe3 Rxe3 30. Nh4 Ne5 31. Rxg7+ Kxg7 32. Nf5+ Kf7 33. Nxe3 Rd2+ 34. Kg3 Rd3 35. Kf2 Ke6 36. Rg1 Rxa3 37. Rg7 Ra2+ 38. Kg3 h6 39. Rxb7 f5 40. Rh7 Nf7 41. Nxf5 Kxf5 42. Rxf7+ Kg5 43. Rc7 Ra3+ 44. Kg2 Rc3 45. Ra7 Kxh5 46. Rxa6 Kg4 47. Ra8 Rc2+ 48. Kg1 h5 49. Rc8 Kg3 50. Rg8+ Kh3 51. Rc8 Rc4 52. Rh8 h4 53. Rh6 Rc2 54. Rh8 Rg2+ 55. Kf1 Rg6 56. Rf8 Kh2 57. Rf2+ Kh1 58. Rf3 Rg3 59. Rf5 h3 60. Rf2 Rg1+ 61. Ke2 Rg2 62. Kf1 Rxf2+ 63. Kxf2 Kh2 64. Kf1 Kg3 65. Kg1 Kf3 66. Kh2 Ke3 67. Kxh3 Kd4 68. Kg3 Kc4 69. Kf2 Kxb4 70. Ke3 Kc3 71. Ke4 c5 72. Ke3 c4 0-1

[Event "Voronezh Region-ch"]
[Site "Voronezh"]
[Date "2011.12.10"]
[Round "2"]
[White "Shishkin, Alexander"]
[Black "Chernyshev, Alexander"]
[Result "0-1"]
[WhiteElo "2068"]
[BlackElo "2090"]
[PlyCount "66"]
[EventDate "2011.12.09"]
[EventType "swiss"]
[EventRounds "9"]
[EventCountry "RUS"]
[SourceTitle "CBM 146 Extra"]
[Source "ChessBase"]
[SourceDate "2012.02.29"]
[SourceVersion "1"]
[SourceVersionDate "2012.02.29"]
[SourceQuality "1"]

1. d4 c5 2. c3 e6 3. Nf3 Nf6 4. g3 b6 5. Bg2 Bb7 6. 0-0 Be7 7. Nbd2 0-0 8. Re1 d5 9. Ne5 Nc6 10. Nxc6 Bxc6 11. Nf3 Rc8 12. Bf4 b5 13. Ne5 Be8 14. g4 c4 15. a3 a5 16. f3 Nd7 17. Nxd7 Bxd7 18. e4 Bc6 19. Qd2 Qb6 20. Be3 b4 21. axb4 axb4 22. Qf2 Ra8 23. Bd2 bxc3 24. Bxc3 Bb4 25. Kh1 Bxc3 26. bxc3 Qb3 27. Qd2 Rfb8 28. h4 h6 29. Kh2 dxe4 30. fxe4 Rxa1 31. Rxa1 Qb2 32. Qe1 Bxe4 33. Qxe4 Qxa1 0-1

[Event "Tambov Korensky Memorial 20th"]
[Site "Tambov"]
[Date "2011.08.27"]
[Round "8"]
[White "Agapov, Yury N"]
[Black "Chernyshev, Alexander"]
[Result "0-1"]
[WhiteElo "2022"]
[BlackElo "2105"]
[PlyCount "74"]
[EventDate "2011.08.20"]
[EventType "swiss"]
[EventRounds "9"]
[EventCountry "RUS"]
[SourceTitle "CBM 144 Extra"]
[Source "ChessBase"]
[SourceDate "2011.10.28"]
[SourceVersion "1"]
[SourceVersionDate "2011.10.28"]
[SourceQuality "1"]

1. d4 Nf6 2. Nf3 d6 3. g3 g6 4. Bg2 Bg7 5. c4 0-0 6. Nc3 c6 7. e4 Nbd7 8. 0-0 Qc7 9. h3 e5 10. Be3 Re8 11. dxe5 dxe5 12. Rc1 Nf8 13. c5 Rd8 14. Qc2 Nh5 15. Rfd1 Be6 16. Ng5 Rxd1+ 17. Rxd1 Rd8 18. Bf3 Nf6 19. g4 Bc8 20. Be2 h6 21. Nf3 h5 22. Rxd8 Qxd8 23. Nxe5 Nxg4 24. Nxg4 hxg4 25. hxg4 Qh4 26. Qd1 Be5 27. Bf3 Qh3 28. Na4 Bh2+ 29. Kh1 Be6 30. b3 Nd7 31. Bg2 Qh4 32. Bf3 Ne5 33. g5 Bf4+ 34. Kg1 Qxg5+ 35. Kf1 Bh3+ 36. Ke1 Bxe3 37. fxe3 Qxe3+ 0-1

[Event "Voronezh op-B 15th"]
[Site "Voronezh"]
[Date "2011.06.17"]
[Round "6"]
[White "Chernyshev, Alexander"]
[Black "Sokolov, Yury"]
[Result "1-0"]
[WhiteElo "2040"]
[BlackElo "1913"]
[PlyCount "51"]
[EventDate "2011.06.12"]
[EventType "swiss"]
[EventRounds "9"]
[EventCountry "RUS"]
[SourceTitle "CBM 143 Extra"]
[Source "ChessBase"]
[SourceDate "2011.08.29"]
[SourceVersion "1"]
[SourceVersionDate "2011.08.29"]
[SourceQuality "1"]

1. e4 Nf6 2. e5 Nd5 3. c4 Nb6 4. c5 Nd5 5. Nc3 Nxc3 6. dxc3 Nc6 7. Nf3 a5 8. Bc4 e6 9. Be3 Be7 10. Qc2 0-0 11. Bd3 h6 12. 0-0-0 a4 13. h4 f5 14. exf6 Bxf6 15. g4 a3 16. g5 axb2+ 17. Kb1 Be7 18. Bh7+ Kh8 19. gxh6 gxh6 20. Bxh6 Rf7 21. Rhg1 Rxh7 22. Bg7+ Rxg7 23. Rxg7 Kxg7 24. Rg1+ Kf8 25. Qh7 Ke8 26. Qg6+ 1-0

[Event "Voronezh op-B 15th"]
[Site "Voronezh"]
[Date "2011.06.15"]
[Round "4"]
[White "Chernyshev, Alexander"]
[Black "Yakimenko, Alexander A"]
[Result "1/2-1/2"]
[WhiteElo "2040"]
[BlackElo "2225"]
[PlyCount "60"]
[EventDate "2011.06.12"]
[EventType "swiss"]
[EventRounds "9"]
[EventCountry "RUS"]
[SourceTitle "CBM 143 Extra"]
[Source "ChessBase"]
[SourceDate "2011.08.29"]
[SourceVersion "1"]
[SourceVersionDate "2011.08.29"]
[SourceQuality "1"]

1. e4 e5 2. Nf3 d6 3. d4 Nf6 4. dxe5 Nxe4 5. Qd5 Nc5 6. Bg5 Qd7 7. exd6 Bxd6 8. Nc3 c6 9. Qd2 Bc7 10. Qe3+ Qe6 11. Bc4 Qxe3+ 12. Bxe3 Nba6 13. a3 b5 14. Be2 Ne6 15. 0-0 0-0 16. b4 Rd8 17. Rfd1 Bb7 18. Rxd8+ Rxd8 19. Rd1 Rxd1+ 20. Nxd1 Bb6 21. c4 bxc4 22. Bxc4 c5 23. bxc5 Naxc5 24. Nc3 Bxf3 25. gxf3 g5 26. Nd5 Bd8 27. f4 gxf4 28. Nxf4 Nxf4 29. Bxc5 Bb6 30. Bxb6 axb6 1/2-1/2

[Event "Voronezh op-B 15th"]
[Site "Voronezh"]
[Date "2011.06.14"]
[Round "3"]
[White "Belov, Yury"]
[Black "Chernyshev, Alexander"]
[Result "0-1"]
[WhiteElo "1741"]
[BlackElo "2040"]
[PlyCount "92"]
[EventDate "2011.06.12"]
[EventType "swiss"]
[EventRounds "9"]
[EventCountry "RUS"]
[SourceTitle "CBM 143 Extra"]
[Source "ChessBase"]
[SourceDate "2011.08.29"]
[SourceVersion "1"]
[SourceVersionDate "2011.08.29"]
[SourceQuality "1"]

1. d4 Nf6 2. Nf3 c5 3. e3 g6 4. h3 Bg7 5. Bd3 0-0 6. c3 d6 7. g4 e5 8. dxe5 dxe5 9. Nxe5 Qd5 10. Nf3 Nc6 11. Be2 Qe6 12. Qb3 Qe7 13. Nbd2 a6 14. a4 Be6 15. Qc2 Rfe8 16. a5 Rad8 17. Qa4 Nd5 18. 0-0 Bxc3 19. Bxa6 Bg7 20. Bb5 Ndb4 21. a6 Ra8 22. Bxc6 Nxc6 23. Qb5 Nb8 24. a7 Na6 25. Qb6 h5 26. Nh2 hxg4 27. hxg4 Rec8 28. f3 Rc6 29. Qb5 Rxa7 30. Qe2 Ra8 31. Ne4 Rd8 32. Rd1 Rcc8 33. Nc3 Nb4 34. e4 Bb3 35. Rxd8+ Rxd8 36. Be3 Nc2 37. Nd5 Rxd5 38. exd5 Nxa1 39. Qd3 Bxd5 40. Bf2 Bc6 41. Qa3 Nc2 42. Qxc5 Qxc5 43. Bxc5 Bxb2 44. Kg2 f6 45. Kf1 Ne1 46. Kf2 Nd3+ 0-1

[Event "Tambov Korensky Memorial 19th"]
[Site "Tambov"]
[Date "2010.08.29"]
[Round "9"]
[White "Petrov, Alexander V"]
[Black "Chernyshev, Alexander"]
[Result "0-1"]
[WhiteElo "2174"]
[BlackElo "2040"]
[PlyCount "91"]
[EventDate "2010.08.21"]
[EventType "swiss"]
[EventRounds "9"]
[EventCountry "RUS"]
[SourceTitle "EXT 2022"]
[Source "ChessBase"]
[SourceDate "2021.10.06"]
[SourceVersion "1"]
[SourceVersionDate "2021.10.06"]
[SourceQuality "1"]

1. e4 c5 2. c3 d5 3. exd5 Qxd5 4. d4 cxd4 5. cxd4 Nc6 6. Nf3 Bg4 7. Be2 e6 8. Nc3 Bb4 9. 0-0 Bxc3 10. bxc3 Nge7 11. c4 Qd7 12. Bb2 0-0 13. Qd2 Bxf3 14. Bxf3 Ng6 15. Rfd1 Rfd8 16. g3 Nce5 17. Be2 Qe7 18. Qc3 Nd7 19. h4 Rac8 20. h5 Ngf8 21. Qe3 h6 22. Rd2 Nb6 23. Rc1 Nh7 24. Rdc2 Qg5 25. f4 Qa5 26. g4 Na4 27. Ba1 Nb6 28. Bd3 Nf6 29. Qe2 Nbd7 30. Qf3 Qc7 31. g5 hxg5 32. fxg5 Nxh5 33. Bh7+ Kxh7 34. Rh2 Kg8 35. Rxh5 Nf8 36. Rc2 Ng6 37. Rf2 Rd7 38. Bb2 Qxc4 39. Qh3 Qxa2 40. Qd3 Qa5 41. Rfh2 Qe1+ 42. Kg2 Nf4+ 43. Kf3 Nxh5 44. Rxh5 g6 45. Rh6 Qa5 46. Rxg6+ 0-1

[Event "Tambov Korensky Memorial 19th"]
[Site "Tambov"]
[Date "2010.08.23"]
[Round "3"]
[White "Chernyshev, Alexander"]
[Black "Kochkin, Alexander G"]
[Result "1/2-1/2"]
[WhiteElo "2040"]
[BlackElo "2279"]
[PlyCount "23"]
[EventDate "2010.08.21"]
[EventType "swiss"]
[EventRounds "9"]
[EventCountry "RUS"]
[SourceTitle "EXT 2022"]
[Source "ChessBase"]
[SourceDate "2021.10.06"]
[SourceVersion "1"]
[SourceVersionDate "2021.10.06"]
[SourceQuality "1"]

1. d4 Nf6 2. c4 e6 3. Nf3 Bb4+ 4. Nbd2 b6 5. a3 Bxd2+ 6. Bxd2 Bb7 7. e3 d6 8. b4 Nbd7 9. Bc3 0-0 10. Be2 Qe7 11. 0-0 h6 12. Qb3 1/2-1/2

[Event "Voronezh Club-ch sf op"]
[Site "Voronezh"]
[Date "2008.09.18"]
[Round "3"]
[White "Chernyshev, Alexander"]
[Black "Demikhov, Vladislav"]
[Result "0-1"]
[WhiteElo "2058"]
[BlackElo "2138"]
[PlyCount "108"]
[EventDate "2008.09.16"]
[EventType "swiss"]
[EventRounds "6"]
[EventCountry "RUS"]
[SourceTitle "EXT 2022"]
[Source "ChessBase"]
[SourceDate "2021.10.06"]
[SourceVersion "1"]
[SourceVersionDate "2021.10.06"]
[SourceQuality "1"]

1. e4 c5 2. c3 Nf6 3. e5 Nd5 4. d4 cxd4 5. Nf3 d6 6. Qxd4 e6 7. exd6 Qxd6 8. Nbd2 Nc6 9. Ne4 Nxd4 10. Nxd6+ Bxd6 11. Nxd4 a6 12. Be2 e5 13. Nb3 0-0 14. 0-0 Be6 15. Rd1 Rfd8 16. Bf3 Be7 17. Na5 Rab8 18. c4 Nb4 19. Rxd8+ Rxd8 20. Nxb7 Rd7 21. Be3 f5 22. Nc5 Bxc5 23. Bxc5 Nd3 24. Ba3 e4 25. Be2 Bxc4 26. b3 Bb5 27. g3 g5 28. Bxd3 exd3 29. Rd1 Bc6 30. Bb4 Bf3 31. Rd2 Be2 32. f4 gxf4 33. gxf4 Rd4 34. Bc5 Rxf4 35. b4 Rf1+ 36. Kg2 f4 37. a4 f3+ 38. Kg3 Ra1 39. b5 axb5 40. axb5 Rb1 41. b6 Kf7 42. Bd4 Rb4 43. Be3 Ke6 44. Ra2 Kd5 45. Rd2 h5 46. h3 Ke4 47. Bf2 Kd5 48. Be3 Kc6 49. Kf2 h4 50. Ra2 Rb1 51. Bg5 Rf1+ 52. Ke3 Kxb6 53. Bxh4 Rh1 54. Rb2+ Kc5 0-1

[Event "Voronezh Club-ch sf op"]
[Site "Voronezh"]
[Date "2008.09.17"]
[Round "2"]
[White "Chernyshev, Alexander"]
[Black "Bobrov, Igor E"]
[Result "1-0"]
[WhiteElo "2058"]
[BlackElo "2181"]
[PlyCount "71"]
[EventDate "2008.09.16"]
[EventType "swiss"]
[EventRounds "6"]
[EventCountry "RUS"]
[SourceTitle "EXT 2022"]
[Source "ChessBase"]
[SourceDate "2021.10.06"]
[SourceVersion "1"]
[SourceVersionDate "2021.10.06"]
[SourceQuality "1"]

1. e4 c5 2. c3 e6 3. d4 d5 4. e5 Nc6 5. Nf3 Qb6 6. a3 Bd7 7. b4 cxd4 8. cxd4 Nge7 9. Be2 Nf5 10. Be3 a5 11. b5 Nce7 12. a4 Ng6 13. Nbd2 Be7 14. 0-0 0-0 15. Qb3 f6 16. Bd3 Nxe3 17. fxe3 f5 18. Rac1 Rac8 19. Qb2 Bb4 20. Nb3 Ne7 21. Rxc8 Rxc8 22. Rc1 Qa7 23. Rxc8+ Nxc8 24. Qc2 b6 25. Nc1 Qb7 26. g4 Ne7 27. gxf5 Nxf5 28. Bxf5 exf5 29. Nd3 Be7 30. Nf4 g5 31. Nxg5 Bxg5 32. Qg2 h6 33. h4 Qc8 34. hxg5 Qc1+ 35. Kh2 Qxe3 36. gxh6+ 1-0

[Event "Tambov Korensky Memorial 17th"]
[Site "Tambov"]
[Date "2008.08.24"]
[Round "3"]
[White "Larin, Vladimir P"]
[Black "Chernyshev, Alexander"]
[Result "1-0"]
[WhiteElo "2157"]
[BlackElo "2058"]
[PlyCount "117"]
[EventDate "2008.08.23"]
[EventType "swiss"]
[EventRounds "9"]
[EventCountry "RUS"]
[SourceTitle "CBM 126 Extra"]
[Source "ChessBase"]
[SourceDate "2008.11.05"]
[SourceVersion "1"]
[SourceVersionDate "2008.11.05"]
[SourceQuality "1"]

1. c4 e5 2. Nc3 d6 3. Nf3 Nc6 4. d4 exd4 5. Nxd4 Bd7 6. e4 Be7 7. Be3 Nxd4 8. Bxd4 Bf6 9. Be2 Bxd4 10. Qxd4 Qf6 11. Qe3 Qh6 12. f4 Qh4+ 13. g3 Qh3 14. 0-0-0 Qe6 15. Nd5 Rc8 16. Qd4 Nf6 17. Bf3 Nxd5 18. exd5 Qf6 19. Rhe1+ Kf8 20. Qxa7 b6 21. Qa3 g6 22. Re3 Kg7 23. Qc3 Qxc3+ 24. Rxc3 Ra8 25. a3 Rhe8 26. Kd2 Bf5 27. Re1 Rxe1 28. Kxe1 Ra4 29. Kd2 Bc8 30. b4 Bd7 31. Re3 Kf8 32. g4 f6 33. h4 f5 34. gxf5 Bxf5 35. Bd1 Ra8 36. Bc2 Kf7 37. Bd1 h5 38. a4 Bd7 39. Ra3 b5 40. cxb5 Bxb5 41. Bc2 Bc4 42. Rc3 Bxd5 43. Rxc7+ Kf6 44. Rd7 Ra6 45. b5 Rb6 46. Bd3 Be6 47. Rc7 Bd5 48. a5 Rb8 49. Rd7 Be6 50. Rxd6 Ke7 51. Rd4 Bf5 52. b6 Bxd3 53. Kxd3 Kf6 54. Kc4 Rc8+ 55. Kb5 Kf5 56. b7 Rb8 57. a6 Kg4 58. Kb6 Kxh4 59. a7 1-0

[Event "Tambov Korensky Memorial 17th"]
[Site "Tambov"]
[Date "2008.08.23"]
[Round "1"]
[White "Seryogin, Peter V"]
[Black "Chernyshev, Alexander"]
[Result "1-0"]
[WhiteElo "2133"]
[BlackElo "2058"]
[PlyCount "108"]
[EventDate "2008.08.23"]
[EventType "swiss"]
[EventRounds "9"]
[EventCountry "RUS"]
[SourceTitle "CBM 126 Extra"]
[Source "ChessBase"]
[SourceDate "2008.11.05"]
[SourceVersion "1"]
[SourceVersionDate "2008.11.05"]
[SourceQuality "1"]

1. Nf3 e6 2. d4 f5 3. g3 Nf6 4. Bg2 Be7 5. 0-0 0-0 6. c4 d6 7. Nc3 Ne4 8. Nd2 Nxc3 9. bxc3 e5 10. e4 Nc6 11. Nb3 g5 12. d5 Nb8 13. Bd2 b6 14. f4 a5 15. Nc1 exf4 16. gxf4 gxf4 17. Bxf4 Bf6 18. Qc2 Ba6 19. Qa4 Bxc3 20. Rb1 Bd4+ 21. Kh1 fxe4 22. Bxe4 Nd7 23. Qc2 h6 24. Nb3 Bf6 25. Rbe1 Re8 26. Bg6 Re7 27. Bf5 Nf8 28. Bd3 Bc8 29. Qd2 Bh3 30. Rf2 Qe8 31. Rxe7 Qxe7 32. Re2 Qf7 33. Rf2 Re8 34. Bf1 Bxf1 35. Rxf1 Qg6 36. Re1 Re4 37. Qc1 Qe8 38. Bd2 Re2 39. Rxe2 Qxe2 40. Qe1 Qxc4 41. Kg1 Qxd5 42. Qc1 c5 43. Bc3 Bxc3 44. Qxc3 Ne6 45. Qe1 Ng5 46. Qe8+ Kh7 47. h4 Nf3+ 48. Kf2 Ne5 49. Qc8 Qf3+ 50. Ke1 Qg3+ 51. Kd2 Qxh4 52. Qf5+ Kg7 53. Qc8 Qf4+ 54. Kc2 h5 1-0

[Event "Voronezh Region-ch U20"]
[Site "Voronezh "]
[Date "2006.12.06"]
[Round "11"]
[White "Chernyshev, Alexander"]
[Black "Chekhov, Sergey"]
[Result "0-1"]
[WhiteElo "2095"]
[BlackElo "2175"]
[PlyCount "38"]
[EventDate "2006.12.02"]
[EventType "tourn"]
[EventRounds "11"]
[EventCountry "RUS"]
[SourceTitle "EXT 2008"]
[Source "ChessBase"]
[SourceDate "2007.11.25"]
[SourceVersion "1"]
[SourceVersionDate "2007.11.25"]
[SourceQuality "1"]

1. e4 c5 2. c3 d5 3. exd5 Qxd5 4. d4 Nc6 5. Nf3 Bg4 6. Be2 e6 7. 0-0 Nf6 8. Be3 cxd4 9. cxd4 Be7 10. h3 Bh5 11. Nc3 Qd6 12. g4 Bg6 13. Nb5 Qb8 14. Ne5 Nd5 15. Rc1 a6 16. Nxc6 bxc6 17. Na3 Nxe3 18. fxe3 Qg3+ 19. Kh1 Bd6 0-1

[Event "Voronezh Region-ch U20"]
[Site "Voronezh "]
[Date "2006.12.02"]
[Round "7"]
[White "Kiselev, Maxim"]
[Black "Chernyshev, Alexander"]
[Result "1-0"]
[WhiteElo "2144"]
[BlackElo "2095"]
[PlyCount "61"]
[EventDate "2006.12.02"]
[EventType "tourn"]
[EventRounds "11"]
[EventCountry "RUS"]
[SourceTitle "EXT 2008"]
[Source "ChessBase"]
[SourceDate "2007.11.25"]
[SourceVersion "1"]
[SourceVersionDate "2007.11.25"]
[SourceQuality "1"]

1. e4 e5 2. Nf3 Nc6 3. Bb5 a6 4. Ba4 Nf6 5. 0-0 b5 6. Bb3 Bc5 7. Qe2 0-0 8. c3 d6 9. d3 Bg4 10. h3 Be6 11. Re1 h6 12. Nbd2 Bb6 13. Nf1 Bxb3 14. axb3 Re8 15. Ng3 Na5 16. Qc2 Nc6 17. Nf5 Kh7 18. g4 Ne7 19. Ng3 g5 20. d4 Ng6 21. Be3 Nf4 22. Bxf4 gxf4 23. Nf5 Qd7 24. Kh2 Qc6 25. g5 Nh5 26. gxh6 Qd7 27. Ng5+ Kg8 28. Qe2 f3 29. Qxf3 Nf4 30. dxe5 dxe5 31. Rad1 1-0